IMPACT OF WELDS UPON THE FATIGUE RESISTANCE

Bibliographic Details
Main Author: Bruna, František, 1947- (Author)
Format: Article
Language:English
ISBN:8071005193

MARC

LEADER 00000naa a2200000uu 4500
001 vtls010954101
003 SK-MaSNL
005 20260302123956.0
008 210906|1998 xo |||||||||||||||||eng|
015 |a SNBRA 
035 |a (urnnbn)urn:nbn:sk:snk:ar-a0bm4w 
035 |a (uuid)e20a2176-92e2-40c2-9ba0-e2da8119fc77 
035 |a urn:nbn:sk:snk-aaue49 
040 |a SNKBUCL  |b slo  |c SNKBUCL  |e AACR2 
041 0 |a eng 
044 |a xo  |c SK 
100 1 |a Bruna, František,  |d 1947-  |4 aut  |9 792236 
245 1 0 |a IMPACT OF WELDS UPON THE FATIGUE RESISTANCE  |c František Bruna 
773 0 |t Communications on the edge of the millenniums  |d Žilina : University of Žilina, 1998, 1998  |g S. 97-100  |z 8071005193 
958 |a OND 
958 |a article11 
958 |a chapter 
999 |c 1285522  |d 1287452